000 00645cam a22002291 4500
001 sa 63000074
003 DLC
005 20260227111919.0
008 840817q19001984ii a 000 0 eng
010 _asa 63000074
025 _aPL480:I-E-587
035 _a(OCoLC)11066438
040 _aDLC
_cNcWsW
_dDLC
042 _apremarc
050 0 0 _aDS485.M65
_bD3
100 1 _aDas, Narendra Nath.
245 0 0 _aHistory of Midnapur.
_cWith a foreword by Nihar Ranjan Ray.
250 _a[1st ed.]
260 _aCalcutta,
_bMidnapur Samskriti Parishad
_c[19
300 _a v.
_billus.
_c23 cm.
651 0 _aMidnapore (India : District)
_xHistory.
999 _c53303
_d53303